000
00310nam a2200121Ia 4500
008
220216s9999 xx 000 0 und d
100
_a
Menon P K B
245
0
_a
Structure and identification of Malayan woods
260
_b
Malayan Forest REcords
_c
2004
300
_a
123
500
_a
CAB CD 2005
942
_c
BO
999
_c
47922
_d
47922